WTA Finals 2018 - Singolare - Statistics

Statistiche generali
  • Questo quiz è stato fatto 2 volte
  • Il punteggio medio è 7 su 8
Statistiche sulle risposte
Nazione Risultato Tennista % Corretto
Germania Round robin Angelique Kerber
100%
Danimarca Round robin Caroline Wozniacki
100%
Ucraina Campionessa Elina Svitolina
100%
Repubblica Ceca Semifinale Karolína Plíšková
100%
Giappone Round robin Naomi Ōsaka
100%
Repubblica Ceca Round robin Petra Kvitová
100%
Stati Uniti Finale Sloane Stephens
50%
Ungheria Semifinale Kiki Bertens
0%
Nessun quiz corrispondente trovato
Distribuzione punteggi
Percentuale di utenti per punteggio
Percentile per numero di risposta
I tuoi punteggi nel tempo
Non hai fatto questo quiz